000 00410nam a22001697a 4500
005 20250305111818.0
008 160613b xxu||||| |||| 00| 0 eng d
020 _a978-81-7992-789-2
041 _aeng
082 _b823
100 _aDE BONO EDWARD
_91790
245 _aTHE FREE MIND
260 _aMUMBAI
_bJAICO BOOKS PUBLISHING HOUSE
_c2008
300 _a103;P
650 _aLIFE SKILL
_98393
942 _cBK
999 _c2515
_d2514